000 00730nam a2200229Ia 4500
001 8969
003 GE_BSU
008 181216s||||||||xx |||||||||||||| ||und||
040 _cGE_BSU
080 _a821.353.1-32
100 _aკლდიაშვილი,სერგო
245 _aერთტომეული
245 _bმოთხრობები
245 _cრედ.გრიგოლ ჩიქოვანი,მხატვ.გ.გორდელაძე
260 _aთბილისი
260 _bსაბჭ.მწერალი
260 _c1955
300 _a644გვ.21სმ.
653 _aერთტომეული
653 _aმოთხრობები
942 _cBK
999 _c42274
_d42274